|
|
|
|
| LEADER |
00696nam a22002052a 4500 |
| 001 |
001399977 |
| 003 |
CZ BrMZK |
| 005 |
20140725124435.0 |
| 007 |
ta |
| 008 |
140703s1961 ru er|||||||||||rus d |
| 040 |
|
|
|a BOA001
|b cze
|
| 100 |
1 |
|
|a Miroljubov, Aleksandr Aleksandrovič
|7 mzk2010581146
|4 aut
|
| 245 |
1 |
0 |
|a Sbornik diktorskich tekstov na nemeckom jazyke k učebnym kino- i diafil'mam /
|c A.A. Miroljubov, B.I. Epel'baum
|
| 260 |
|
|
|a Moskva :
|b Učpedgiz,
|c 1961
|
| 300 |
|
|
|a 138 s.
|
| 700 |
1 |
|
|a Epel'baum, Bella Il'jinična
|4 aut
|
| 910 |
|
|
|a BOA001
|b 2-0459.993
|
| 990 |
|
|
|a BK
|
| 991 |
|
|
|b 201407
|
| 996 |
7 |
|
|b 2619078353
|c 2-0459.993
|l MZK
|r Sklad / do 24 hodin
|n 0
|w 001435027
|u 000010
|a 1
|e BOA001
|j MZK50
|s A
|